| 000 | 00753nam a22002890a 4500 | ||
|---|---|---|---|
| 001 | PT60937 | ||
| 003 | AR-LpoUNG | ||
| 005 | 20210131232019.0 | ||
| 008 | 191001s2008||||ag |||||||||||||||||spa d | ||
| 020 |
_a9789500835084 _c$10 |
||
| 040 |
_aAR-LpoUNG _bspa _cAR-LpoUNG _eaacr |
||
| 041 | _aspa | ||
| 044 | _aag | ||
| 082 | 0 | _a808.068 3 673inc | |
| 100 | 1 | _aBoetto, Aldo | |
| 245 | 1 | 3 | _aLa increíble aventura de Intrépido |
| 250 | _a1ra. ed. | ||
| 260 |
_aBuenos Aires : _bAtlántida, _c2008. |
||
| 300 |
_a[38] p. : _bil. |
||
| 505 | 0 | _aSugerido a partir de 8 años (etiqueta CELESTE) | |
| 650 | 4 | _aCUENTOS | |
| 650 | 4 | _aLITERATURA | |
| 653 | _aLITERATURA INFANTIL | ||
| 700 | 1 |
_aPez, Alberto _eil. |
|
| 905 | _a60937 | ||
| 942 | _cLIB | ||
| 999 |
_c13230 _d13230 |
||